000 00467nam a2200181Ia 4500
001 3889
005 20260306145716.0
008 260306t2006||||xx |||||||||||||| ||spa||
041 _aESP
082 _a305.3
_bA59
100 _aAnderson, Jeanine
_eAUT
245 0 _aEl enfoque del género en la investigación del CIES:
_bbalance y propuestas
260 _c2006
300 _a127 páginas :
_c21 cm.
650 _aGEN
654 _aCHU
942 _cLIB
_dJUS
_fJUS
_2ddc
_n
999 _c3889
_d3889